000 01091nam a2200289Ia 4500
003 OSt
005 20221005111324.0
006 a|||||r|||| 00| 0
007 ta
008 221004b |||||||| |||| 00| 0 hin d
020 _a817055291 (hbk)
_c200
024 _a17820
037 _b527, 21/03/2015, Vani Prakashan
_cTextual
040 _aCRL
_cCRL
_bhin
041 _2hin
_ahin
082 _aY73(Q7).2, 152N4;Q1
100 _aराजकिशोर, संपा.
245 0 _aभारतीय मुसलमान
_b मिथक और यथार्थ
246 _aBhāratīya musalamāna: mithak aur yathārtha
250 _a2 संस्करण
260 _aनई दिल्ली
_bवाणी प्रकाशन भारत
_c2011
300 _a148पृ0
_ccm.
490 _aआज के प्रश्न; 2
650 _aभारतीय-लोक साहित्य
942 _hY73(Q7).2, 152N4;Q1
_cTEXL
_2cc
999 _c1021499
_d1021499